000 00575nam a2200217Ia 4500
003 OSt
005 20220924143401.0
006 a|||||r|||| 00| 0
007 ta
008 220923b |||||||| |||| 00| 0 urd d
024 _a307960
037 _cTextual
040 _aARTS
_cARTS
_burd
041 _2urd
_aurd
082 _aDelta73w44Q7714,L9, 168K2
100 _aMalik Md. Lateef
_9215599
245 0 _aAuliya -e- lahore
260 _c1962
942 _hDelta73w44Q7714,L9, 168K2
_cTEXL
_2CC
999 _c454261
_d454261